[Event "Hoogovens-B"]
[Site "Wijk aan Zee"]
[Date "1999.01.26"]
[Round "7"]
[White "Bauer, Christian"]
[Black "De Vreugt, Dennis"]
[Result "0-1"]
[WhiteElo "2528"]
[BlackElo "2378"]
[Annotator "Atlas,V"]
[PlyCount "108"]
[EventDate "1999.01.19"]
[EventType "tourn"]
[EventRounds "11"]
[EventCountry "NED"]
[EventCategory "11"]
[SourceTitle "CBM 069"]
[Source "ChessBase"]
[SourceDate "1999.04.01"]
[SourceVersion "1"]
[SourceVersionDate "1999.04.01"]
[SourceQuality "1"]

1. e4 e5 2. Bc4 Nc6 3. Nf3 Nf6 4. d3 Bc5 5. c3 d6 6. Bb3 a6 7. Nbd2 O-O 8. h3
Ba7 9. Nf1 Nh5 $5 {An interesting attempt to hamper the actualization of
White's plan.} ({Usually Black met 9.Nf1 with the move} 9... Ne7 {after which
White has a few possibilities to fight for the opening edge:} 10. Bg5 ({or} 10.
Ng3 Ng6 (10... h6 11. O-O c6 12. d4 Ng6 13. Be3 Qc7 14. a4 $14 {1-0 Bologan,
V-Bjerke,R/Gausdal Int-l 1991 (40)}) 11. O-O h6 12. d4 exd4 $6 13. cxd4 d5 14.
e5 Ne4 15. Bc2 Nh4 16. Nxe4 dxe4 17. Bxe4 Nxf3+ 18. Qxf3 Qxd4 19. Bf4 $16 {
1-0 Bologan,V-Westerinen,H/Gausdal 1991/CBM 25 (32)}) 10... Ng6 11. Nh4 Kh8 12.
Nf5 h6 13. h4 Nf4 14. g3 Ne6 15. N1e3 Nxg5 16. hxg5 Nh7 17. f4 {1-0 Komliakov,
V-Ivanov,V/Moscow 1994/CBM 40 (17)}) 10. Ne3 {Apparently, this is not the most
convincing reaction. Both 10.Ng5 and 10.Bg5 deserved attention; probably White
may also try 10.Nf1-h2.} (10. Bg5 Qd7 11. N3d2 (11. Qd2 $5) 11... Nf4 12. Bxf4
exf4 13. d4 Na5 14. Bc2 f5 15. Qf3 fxe4 16. Bxe4 $14 Qf7 $140 17. O-O-O) (10.
Ng5 g6 (10... Nf4 $2 11. Bxf4 exf4 12. Qh5 $18) 11. Qf3 Be6 (11... Qe7 12. Ng3
$14) 12. Bxe6 $140 $2 fxe6 13. Nxe6 Rxf3 14. Nxd8 Rxf2) 10... Nf4 11. O-O Ne7
12. Kh2 c6 13. Ng1 $6 {intending first to oust a knight from f4, but an
immediate advancement of d-pawn was better.} (13. d4 exd4 (13... Neg6 14. Nf5)
14. Nxd4 (14. cxd4 d5) 14... d5 $132) 13... Qd7 14. d4 exd4 15. cxd4 d5 16. e5
f6 {Not only exloding White's center, but opening an important files for the
own rooks as well.} 17. exf6 Rxf6 18. Ng4 Rf8 19. Bc2 Neg6 20. Bxf4 Nxf4 21. g3
$6 {[%csl Yf3,Yh3] It weakens a complex of squares on the K-side. However
Black's position at this moment was already superior.} ({if} 21. Ne5 {Black
could have answered} Qd6 22. g3 Qh6 23. gxf4 Qxf4+ 24. Kg2 Bxd4 $44) 21... Ne6
{[%csl Rd4]} 22. Qd3 g6 23. Nf3 Qg7 24. Rad1 (24. Nge5 $2 Nxd4 $17) 24... Nc7
$1 $17 {A strong move which nails down Black's advantage. The knight is
transferred to a new destination, and interplay of Black's forces becomes even
more efficient.} 25. Kg2 (25. a4 $2 {loses to} Bf5) 25... Nb5 26. Qe3 (26. a4
Bf5 27. Qd2 Bxc2 28. Qxc2 Nxd4 $17) 26... Bxg4 27. hxg4 Rae8 {Now all Black's
pieces are ideally located.} 28. Qd3 (28. Qd2 Rxf3 (28... Qf6 $17) 29. Kxf3
Nxd4+ 30. Kg2 Re2 $19) 28... Re4 $19 {[%cal Ra7d4,Yb5d4,Ge4d4,Gg7d4] White's
pawns start to fall down one after the other.} 29. Bb3 Rxg4 30. a4 Nxd4 31. Nh2
Rg5 32. Ba2 Ne6 33. Qd2 Rgf5 34. f4 Nc5 35. Rde1 Nxa4 36. Re2 Qd4 37. Qc2 Nc5
38. Ng4 Kg7 39. Rd1 Qb4 40. Rde1 Ne4 {The knight has definitely made many more
moves than any other piece and continues to tear White's position apart.} 41.
Rxe4 {White gives up a whole rook for that knight, but it changes nothing.}
dxe4 42. Rxe4 Bd4 43. Re2 h5 44. Nh2 h4 45. Nf3 Bf6 46. Re4 Qd6 47. b4 hxg3 48.
Bb1 a5 49. bxa5 Qc5 50. Rc4 Qxa5 51. Kxg3 Qc7 52. Rb4 b5 53. Kg2 Qd6 54. Re4
Ra8 {and White decided to call it a day.} 0-1

[Event "London Agency"]
[Site "London"]
[Date "1998.06.17"]
[Round "3"]
[White "McDonald, Neil R"]
[Black "Ippolito, Dean"]
[Result "1/2-1/2"]
[WhiteElo "2485"]
[BlackElo "2435"]
[Annotator "Atlas,V"]
[PlyCount "139"]
[EventDate "1998.06.15"]
[EventType "tourn"]
[EventRounds "9"]
[EventCountry "ENG"]
[EventCategory "9"]
[SourceTitle "CBM 066"]
[Source "ChessBase"]
[SourceDate "1998.09.30"]
[SourceVersion "1"]
[SourceVersionDate "1998.09.30"]
[SourceQuality "1"]

1. e4 {Hecht} e5 2. Bc4 Nf6 3. d3 Nc6 4. Nf3 Bc5 5. c3 d6 6. Nbd2 a6 7. Bb3 O-O
8. h3 h6 9. Qe2 (9. g4 {- 62/347}) 9... Be6 10. Nf1 Bxb3 (10... Ne7 11. Ng3 (
11. g4 $5 Ng6 12. Ng3 $14) 11... Ng6 12. O-O Ba7 13. Rd1 {was recently played
in Adams,Mi-Gyimesi,Z/Deutschland 69/305 1997.}) (10... d5 $5 11. Ng3 Na5 $1
$13 {is Adams' suggestion. Preliminary exchange on b3 does not look convincing.
}) 11. axb3 d5 12. Ng3 dxe4 13. dxe4 Qd7 14. b4 Bb6 (14... Ba7 $142) 15. Nd2 $1
Rad8 16. Nc4 Ba7 17. Be3 Bxe3 18. Nxe3 Ne7 {[%csl Rf5][%cal Ge3f5,Gg3f5,Ge2c4,
Ga1d1,Gd1d8]} 19. O-O Qc6 (19... Qd2 $2 20. Nd5) 20. Qc4 h5 $6 {After this
move White wins a pawn, yet the game isn't over.} (20... Rd2 21. Ngf5 Nxf5 22.
Qxc6 bxc6 23. exf5 Rxb2 24. Rxa6 Nd5 25. Rxc6 (25. Nd1 Rd2 26. Rxc6 Rd8) 25...
Nxe3 26. fxe3 Rd8 27. Kh1 Rdd2 28. Rg1 Rd3 (28... Rd7) 29. Rxc7 Rxe3 $14) (
20... Qxc4 $5 21. Nxc4 Nc6 22. Rfd1 $14) 21. Ngf5 $1 Qe8 22. Qxc7 Nxf5 23. exf5
(23. Nxf5 $5 Rd7 (23... Nxe4 24. Qxb7) 24. Qc4 g6) 23... Rd7 24. Qb6 (24. Qa5
$5 Rd2 25. Nc4 Rd5 26. Qc7 {was a better try.}) 24... Qd8 $1 {Black tries to
liquidate into a rook endgame, where his control over d-file leaves him with
good practical chances.} 25. Qxd8 Rfxd8 26. Rfd1 Nd5 27. Nxd5 Rxd5 28. Rxd5
Rxd5 {Black's prospects to save this endgame are well substantiated.} 29. Ra5 {
This move allows Black to eliminate all but one White's pawns at the Q-side.
Since White's pawn structure at the K-side is compromised, usual plans of
converting an advantage in such type of endgames (cf. Spassky-Torre, Hamburg
1982) will not work here.} (29. Re1 f6 30. Re2 $14 {deserved attention.}) 29...
Rd1+ 30. Kh2 f6 $1 31. b5 Rd2 32. bxa6 bxa6 33. b4 Rc2 34. Rxa6 (34. Rc5 Rxf2)
34... Rxc3 35. f3 (35. h4 $2 Rc4) 35... Rb3 36. Rb6 {[#] Hecht: Der b-Bauer
ist von v o r n gedeckt Der blockierte Königsflügel erlaubt dem Angreifer nur
wenig Aktivitäten..} h4 $1 {Now it is just a draw.} 37. b5 Kh7 38. Rb8 Rb1 39.
b6 Rb2 40. Kg1 Rb1+ 41. Kh2 (41. Kf2 Rb2+ 42. Kf1 Kh6) 41... Rb2 42. b7 Rb1 43.
g4 Rb2+ (43... hxg3+ {Hecht} 44. Kxg3 Rb4 45. h4 Rb1 46. Kf2 Rb3 47. h5 Rb1 48.
Ke3 Rb3+ 49. Kd2 Rb2+ 50. Kc3 Rb1 51. Kc4 Rb2 52. Kd5 Rb6 53. Kc5 Rb1 54. Kd6
Rb2 55. Ke6 Rb6+ $2 (55... Rb1 $1 56. Ke7 (56. Kf7 Rb6 57. Ke7 Rb1 $11) 56...
Rb2 57. h6 Rb6 58. hxg7 Kxg7 $11) 56. Kf7 {Zugzwang!} Rb1 57. h6 gxh6 58. Kxf6
Rb6+ 59. Ke7 h5 60. f6 $18) 44. Kg1 Rb1+ 45. Kf2 Rb2+ 46. Ke3 Rb1 47. Ke4 Re1+
48. Kd5 Rd1+ 49. Ke6 Rb1 50. g5 {This is the only way to break through. And
yet, Black has no problems to retain his position.} fxg5 51. Kxe5 Rb4 52. Ke6
Rb6+ 53. Kd5 Rb3 54. Kd4 Rb4+ 55. Kd3 Rb3+ 56. Kc4 Rb2 57. Kc5 Rb3 58. Kc6 Rc3+
59. Kb6 Rb3+ 60. Kc7 Rc3+ 61. Kd7 Rb3 62. Ke8 Rb5 63. Kd8 Rb3 64. Kd7 Rb2 65.
Ke6 Rb6+ 66. Ke7 Rb3 67. f6 gxf6 68. Re8 (68. Kxf6 Rxf3+ 69. Kxg5 Rb3 70. Kxh4
{is a theoretical draw.}) 68... Rxb7+ 69. Kxf6 Rb3 70. Kxg5 1/2-1/2

[Event "Tan Chin Nam Cup 3rd "]
[Site "Beijing"]
[Date "1997.08.18"]
[Round "9"]
[White "Xie, Jun"]
[Black "Sermek, Drazen"]
[Result "1-0"]
[WhiteElo "2495"]
[BlackElo "2565"]
[Annotator "Atlas,V"]
[PlyCount "97"]
[EventDate "1997.08.11"]
[EventType "tourn"]
[EventRounds "11"]
[EventCountry "CHN"]
[EventCategory "12"]
[SourceTitle "CBM 061"]
[Source "ChessBase"]
[SourceDate "1997.11.23"]
[SourceVersion "1"]
[SourceVersionDate "1997.11.23"]
[SourceQuality "1"]

1. e4 e5 2. Nf3 Nc6 3. Bc4 Bc5 4. c3 Nf6 5. d3 O-O 6. O-O d6 7. Nbd2 a6 8. h3
Ba7 9. Bb3 Ne7 10. Re1 Ng6 11. Nf1 h6 12. Ng3 Re8 ({The noteworthy
alternatives are:} 12... Be6 13. d4 Qc8 14. Bc2 Re8 15. Be3 c5 16. Qd2 Qc7 17.
d5 Bc8 18. Nf5 Bxf5 19. exf5 e4 20. Nh2 Nf8 21. Ng4 Qd8 22. Nxf6+ Qxf6 23. Bf4
Qxf5 24. Bxd6 c4 25. Qf4 Qxd5 26. Rad1 Qb5 27. Bxe4 {Sutovskij,E-Goldin,A/
Rishon le Zion YM 1995/CBM 46/1/2-1/2 (77)}) (12... c6 13. Be3 Bxe3 14. fxe3 d5
15. exd5 cxd5 16. e4 dxe4 17. Nxe4 Nxe4 18. Rxe4 Bf5 19. Re3 Re8 20. Kh1 Qd7
21. Qd2 Rad8 22. Rae1 Qc7 23. h4 Bg4 24. Qf2 Kh8 25. d4 f6 26. Qg3 h5 27. dxe5
{Krustkalns,K-Spesny,J/Komercni Banka op 1996/EXP 55/1-0 (38)}) 13. d4 Bd7 ({
Lutz tried against me} 13... b5 {, but after} 14. Bd2 $5 Bb7 15. dxe5 dxe5 16.
Qc1 Bc8 17. Bxh6 $1 gxh6 18. Qxh6 {Atlas,V-Lutz,C/Ptuj zt 1995, White has a
dangerous attack. The text move seems more passive, but is nowadays more
popular and more reliable.}) 14. Bd2 ({Xie Jun chooses the set-up similar to
that I have chosen in my game against Lutz. White intends to play 15.Qc1
threatening by the thematic sacrifice Bh6. There are some other promising
options for White in this position:} 14. Qc2 c6 15. Be3 Qc7 16. Rad1 Be6 $6 {
This unfortunate move yields White a large advantage.} 17. dxe5 Bxb3 18. Qxb3
dxe5 19. Bxa7 Rxa7 20. Nf5 Raa8 21. Nd6 Re7 22. Rd2 b5 23. Red1 Rd7 24. c4 Rad8
25. c5 Kf8 26. Qc3 Ne8 27. Nxe5 Nxe5 28. Qxe5 Nxd6 29. Rxd6 Rxd6 30. cxd6 Qd7
31. Qc5 f6 32. f4 Re8 33. e5 fxe5 34. fxe5 Re6 35. Rf1+ Kg8 36. Rc1 Qe8 37.
Qxc6 Rxe5 38. Qxe8+ Rxe8 39. d7 {1-0 Lakos,N-Dokmanovic,N/EU-chJW U16
Herculane 1994/TD 94\01}) (14. Be3 $5 Bc6 15. Bc2 exd4 16. Bxd4 Nf4 17. Bxa7
Rxa7 18. Nd4 Ng6 19. Qd2 Bd7 20. f4 Ra8 21. Rad1 Nh7 22. Rf1 Rb8 23. Ngf5 Bxf5
24. Nxf5 Nh4 25. Ng3 Ng6 26. Qf2 Qh4 27. Qf3 Ne7 28. Bb3 Rf8 {Dolmatov,
S-Razuvaev,Y/URS-FL Tashkent 1980/MCL 06/1-0 (86)}) 14... c5 {Logical
continuation, allowing Black to reduce the activity of the white light-squared
bishop.} (14... a5 $6 {is strongly met by} 15. a4) ({After} 14... Bc6 {White
can opt for} 15. dxe5 dxe5 16. Qc1 {threatening Bh6}) (14... Nh7 15. Nf5 {
also seems rather dangerous for Black.}) 15. d5 (15. dxc5 $6 dxc5 16. Qc1 {
is strongly met by} Rc8 {threatening ...c4. After the text move the character
of the position is similar to Ruy Lopez, but the black dark-squareed bishop is
placed on the g1-a7 diagonale.}) 15... b5 16. Bc2 c4 17. Be3 Bxe3 $6 {A
dubious decision. After this move White develops dangerous attack on the
kingside, exploring the f-file. Instead,  Black could try 17...Qc7 or 17...Nh7.
} 18. fxe3 Qb6 19. Qd2 a5 20. Rf1 b4 21. Nh2 Nf8 ({After} 21... Nh7 {White can
play} 22. Nf5 {, intending Ng4}) 22. Rxf6 $1 {The correct decision. The
exchange sacrifice yields White excellent attacking perspectives.} gxf6 23. Nh5
Nh7 24. Qf2 {Threatening 25.Qg3+ Ng5 26.h4} Kh8 25. Nxf6 Re7 26. Bd1 $1 {
Bringing the bishop into play.} bxc3 27. bxc3 Rb8 28. Bg4 $1 Qb2 ({Loses the
piece, but allows Black to avoid the worst.} 28... Bxg4 {fails to} 29. Nxh7 $1
Kxh7 30. Nxg4 Qb2 31. Qf5+ {, with decisive attack.}) 29. Qxb2 Rxb2 30. Nxd7
Rb7 31. Nf3 Kg7 32. Nd2 h5 33. Bf5 Rbxd7 34. Bxd7 Rxd7 35. Rb1 {The ending is
very difficult for Black. The control over the open b-file, the extra pawn,
and the weakness of Black's queenside pawns yield White excellent winning
prospects.} Nf6 36. Kf2 Kf8 37. Kf3 Ke7 38. Rb5 Rc7 39. Rxa5 Nd7 40. Ra4 Nc5
41. Rxc4 Ra7 42. Nb3 $1 {Starting the operation, allowing White to transform
the game into the winning rook ending.} Nd3 43. Ke2 Nb2 44. Rb4 Rxa2 45. Nc1 $1
{This is the point!} Ra1 46. Rxb2 Rxc1 47. Rb7+ Ke8 48. Rb8+ Ke7 49. Rh8 1-0

[Event "Tan Chin Nam Cup 4th"]
[Site "Beijing"]
[Date "1998.06.14"]
[Round "7"]
[White "Ye, Jiangchuan"]
[Black "Onischuk, Alexander"]
[Result "1/2-1/2"]
[WhiteElo "2530"]
[BlackElo "2610"]
[Annotator "Atlas,V"]
[PlyCount "82"]
[EventDate "1998.06.08"]
[EventType "tourn"]
[EventRounds "11"]
[EventCountry "CHN"]
[EventCategory "12"]
[SourceTitle "CBM 066"]
[Source "ChessBase"]
[SourceDate "1998.09.30"]
[SourceVersion "1"]
[SourceVersionDate "1998.09.30"]
[SourceQuality "1"]

1. e4 e5 2. Nf3 Nc6 3. Bc4 Nf6 4. d3 Bc5 5. c3 d6 6. Bb3 h6 7. Nbd2 a6 8. h3
O-O 9. O-O Ba7 10. Re1 Be6 11. Nf1 (11. Bxe6 $5 fxe6 12. Nf1 {/\ Be3+/=}) 11...
Bxb3 (11... Re8 12. N3h2 {Chebanencko,V; 12.Ng3} Bxb3 (12... d5 13. Qf3 {/\ Ng3
}) 13. axb3 $1 {Gavrikov,V-van der Sterren,P/Tallinn 43/395 1987}) 12. Qxb3 {
12.axb3 by analogy with Gavrikov-van der Sterren was an option in this
position.} Rb8 13. Be3 {Yet another try to obtain an edge in this line. Game
Malevinsky,A-Kuporosov,V/URS-ch sf Kostroma (8); MCD-ch 1985 continued 13.Ng3
Re8 14.Bd2 Qd7 15.Rad1 Qe6 16.Qxe6 Rxe6 +/=/=} Bxe3 14. Nxe3 Qd7 15. Rad1 Rfe8
16. Nh2 $5 (16. Nh4) 16... Qe6 17. Nd5 Ne7 (17... Rec8 18. Re3 Ne7 19. Nxf6+
Qxf6 20. Ng4 Qe6 $14) 18. Nxc7 Qxb3 19. axb3 Rec8 20. Nd5 Nexd5 21. exd5 Rc5 {
[%csl Rd5][%cal Gc5d5,Gf6d5]} (21... Nxd5 $2 {was is strongly met by} 22. d4 $1
$16) 22. d4 {White gives up pawn d5 and tries to get control over central
files instead. However due to the limited material left on the board Black
draws easily.} (22. c4 b5 23. Ra1 bxc4 24. bxc4 (24. dxc4 Rxb3 25. Rxa6 Rxb2
26. Rxd6 Rxc4 $36) 24... a5 $44 (24... e4 25. dxe4 Rxc4 26. Rxa6 (26. e5 dxe5
27. Rxe5 $2 Rxb2 $15) 26... Rxb2 (26... Nxe4 27. f3 Nf6 28. Rxd6 Rd4 29. Re2)
27. Rxd6 Rcc2 28. Nf1 Rxf2 29. g4 Rf4 30. e5 Nxg4)) 22... Rxd5 23. dxe5 Rxd1
24. Rxd1 dxe5 25. Ng4 Nxg4 26. hxg4 Kf8 27. Rd7 Ke8 28. Rc7 Rd8 $1 29. Rxb7 Rd2
30. c4 Rxb2 31. c5 (31. b4 $2 a5 32. b5 a4 33. Ra7 Rb4) 31... a5 32. c6 Rc2 33.
Rb5 (33. c7 Kd7 34. c8=Q+ Kxc8 35. Rxf7 Rc7 $11) 33... f6 34. Rxa5 Rxc6 35. Ra7
Rb6 $1 (35... Kf8 $11) 36. Rxg7 Rxb3 37. Rg6 Kf7 38. Rxh6 Kg7 39. Rh5 Kg6 40.
Kh2 Ra3 41. g3 Ra4 1/2-1/2

[Event "Tan Chin Nam Cup 4th"]
[Site "Beijing"]
[Date "1998.06.10"]
[Round "3"]
[White "Kudrin, Sergey"]
[Black "Onischuk, Alexander"]
[Result "0-1"]
[WhiteElo "2565"]
[BlackElo "2610"]
[Annotator "Atlas,V"]
[PlyCount "120"]
[EventDate "1998.06.08"]
[EventType "tourn"]
[EventRounds "11"]
[EventCountry "CHN"]
[EventCategory "12"]
[SourceTitle "CBM 066"]
[Source "ChessBase"]
[SourceDate "1998.09.30"]
[SourceVersion "1"]
[SourceVersionDate "1998.09.30"]
[SourceQuality "1"]

1. e4 {Hecht} e5 2. Nf3 Nc6 3. Bc4 Nf6 4. d3 Bc5 5. c3 d6 6. O-O a6 7. Bb3 Qe7
8. Re1 Ba7 9. a4 {In this position White has tried various plans:} (9. h3 $6 h6
$1 10. Nbd2 g5 $1 11. Nf1 (11. Nh2 {>=} Be6 $11) 11... g4 12. hxg4 Nxg4 13. d4
Bd7 14. Ne3 O-O-O 15. Bd5 Rdg8 $1 {/\ Nd8 (0-1 (50) Gipslis,A-Smagin,S/Berlin
45/365 1988)}) (9. Nbd2 Be6 10. Bc2 Ng4 11. Rf1 O-O-O 12. Qe2 h5 $132 {(Simic,
D - Truta, S/ Bled op (03); EXP 51 1996)}) 9... Be6 10. Nbd2 O-O 11. Nc4 h6 12.
h3 Rad8 13. Be3 Bxe3 14. Nxe3 Qd7 15. a5 Ne7 16. Bc2 c5 $1 (16... Ng6 17. d4
$14) 17. d4 Qc7 18. Qd2 exd4 (18... Ng6 19. Nf5) 19. cxd4 d5 {[%csl Rd4,Re4]
[%cal Gd5e4,Gc5d4,Gd8d2] Black successfully solved opening problems and
harmonioulsy arranged his pieces. Further simplifications lead to an equal
endgame. Nay, it is White who has to play with due caution, since an advanced
pawn at a5 causes trouble for him.} 20. exd5 (20. e5 $2 Ne4 21. Nxd5 Nxd2 22.
Nxc7 Nxf3+ 23. gxf3 Bxh3 $17) 20... Nexd5 21. dxc5 Qxc5 22. Qd4 Qb4 23. Nxd5
Nxd5 24. Qe4 (24. Ra4 $5 $11 Qb5 $140 25. Bd3) 24... Qxe4 25. Bxe4 Nb4 26. Red1
Bd5 27. Bxd5 Rxd5 28. Rxd5 Nxd5 29. Rd1 Rd8 30. Ne5 Kf8 31. Rd3 $6 f6 32. Nc4
Ke7 33. Rb3 (33. Kf1 Ke6 34. Ke1 g5 {allows Black to keep on fighting.}) 33...
Rd7 34. Nb6 (34. Ne3 Kd6 $15) 34... Nxb6 35. Rxb6 {Better placement of the
black king and a weakness at a5 makes White's position difficult.} Kd8 {
Hecht: Vorbereitung zum Aktivierung des Turms und Eroberung eines Bauern am
Damenflügel.} 36. b4 Kc7 37. b5 (37. Kf1 {Were it possible for White save the
game by means of this move? Pawn endgame ensuing after} Rd6 (37... Rd2 38. g4
Rb2 39. Kg2 $11) 38. Rxd6 Kxd6 39. Ke2 Kd5 (39... Kc6 40. Kd3 Kb5 41. Kc3) 40.
Kd3 {could have seen the following development:} h5 41. g3 $1 (41. g4 $2 h4 42.
f4 g6 $19) (41. h4 $2 g5 42. hxg5 (42. g3 g4) (42. Ke2 Ke4 (42... Kc4 $2 43. g4
) 43. hxg5 fxg5) 42... fxg5 43. f3 h4 $19) 41... g5 (41... g6 42. h4) 42. g4 h4
43. f3 Ke5 44. Ke3 f5 45. gxf5 Kxf5 46. Ke2 $11) 37... Rd6 38. bxa6 bxa6 39.
Rb1 Rd5 40. Ra1 Kc6 41. Kh2 Kb5 {Black's king has finaly reached the pawn at
a5, while his vis-a-vis is just too far away.} 42. Rb1+ Kxa5 {[#] Hecht: 
Schwarz hat seinen Freibauern mit Königsunterstützung erhalten. Weiß sucht
Gegenspiel am Königsflügel.} 43. Rb7 g5 (43... Rg5 $2 {Hecht} 44. g4 {[%cal
Rf2f4]}) 44. Rh7 Rf5 $1 45. Rxh6 (45. Kg3 Kb4 46. Rb7+ Rb5) (45. f3 {Hecht} Kb4
46. Rxh6 a5 47. Rh7 a4 {[%cal Gf5a5,Ra4a3,Ra3a2,Ra2a1]}) 45... Rxf2 46. Kg1 Rf5
47. g4 Rf4 48. Kg2 Kb4 49. Kg3 a5 50. h4 a4 51. hxg5 (51. h5 {Hecht} a3 52. Rh8
a2 53. Ra8 Kb3 54. h6 f5 55. h7 (55. gxf5 Ra4 56. Rxa4 Kxa4 57. h7 a1=Q $19)
55... Rxg4+ 56. Kf3 Rh4 57. Rb8+ Kc4 58. Ra8 Rxh7 59. Rxa2 Rh3+ 60. Kg2 Rd3 $19
) 51... fxg5 52. Rb6+ Kc3 53. Rb5 a3 54. Rxg5 Ra4 {[#] Hecht:  Weiß hat sein
möglichstes getan, doch ist sein eigener Freibauer schlußendlich zu langsam.}
55. Rc5+ Kb3 56. Rb5+ Rb4 57. Rf5 (57. Ra5 a2 58. Rxa2 Kxa2 59. Kh4 Kb3 $19)
57... a2 58. Rf1 Ra4 59. g5 Kb2 $1 {Hecht: Mit diesem kleinen Kunstgriff
stellt Onischuk seinen König einen Tick besser, was dann den Gewinn verbürgt.}
(59... a1=Q {Hecht} 60. Rxa1 Rxa1 61. Kf4 Kc4 62. Ke5 Rg1 63. Kf6 Kd5 64. g6
Kd6 65. g7 $11) 60. Rf2+ (60. g6 {Hecht} a1=Q 61. Rxa1 Kxa1 62. g7 Ra8 $19)
60... Kc3 (60... Kc3 61. Rxa2 (61. Rf3+ Kd2) (61. Rf1 {Hecht} a1=Q 62. Rxa1
Rxa1 63. Kf4 Kd4 64. Kf5 Kd5 65. Kf6 Kd6 $19) 61... Rxa2 62. Kf4 Kd4 63. Kf5
Kd5 $19) 0-1